000 01108cab a2200217 4500
001 ABS68288
008 040923n2004 000 0 eng u
035 _a(Sirsi) u127507
100 _aHigginbottom, K.
245 _aFocus 1: careers
260 _c2004
490 _aEstates Gazette
_v(0437) 11 September 2004, 83-97(7)
520 _aA series of articles looking at career issues. "Back to issues" advises companies on retaining key staff such as investing in staff training, ensuring that senior managers are equipped with the skills to ensure they fulfil their potential and developing good relationships between employer and employees. "Your name on the door" recalls experiences of three chartered surveyors who have set up on their own in practice. "Secrets of sector agents" interviews three chartered surveyors who have established themselves as leading players in their own market sectors.
590 _aABS
650 _aSKILLS
650 _aSTAFF TRAINING
650 _aSETTING UP IN PRACTICE
650 _aSOLE PRACTIONERS
690 _aTRAINING AND CAREER DEVELOPMENT
942 _n0
999 _c74544
_d74544